Missing Word: Bradley Cooper Quiz Stats

Quiz Updated Apr 7, 2014

Challenge
Share
Tweet
Embed
Score 0/12 Timer 02:00
5 Plays Today
Hint Missing Word % Correct
______ CrashersWedding
97.5%
The A-_____Team
95.4%
He's ______ Not That Into YouJust
95.2%
Silver Linings ______Playbook
93%
The ________ Part IIHangover
81%
_________ HustleAmerican
76.8%
Yes _____Man
73.6%
______ and RunHit
62.8%
The Place _______ the PinesBeyond
41%
All About ______Steve
31.4%
________ DayValentine's
14.4%
The Midnight _____ TrainMeat
11.2%

Today's Daily Dose

Missing Word
Law Misconceptions

Word Ladder
Easy Math

On This Day
January 20th

You're not logged in!

Compare scores with friends on all Sporcle quizzes.
Sign Up with Email
OR
Log In

You Might Also Like...

Show Comments

Extras

Top Quizzes Today


Score Distribution

Your Account Isn't Verified!

In order to create a playlist on Sporcle, you need to verify the email address you used during registration. Go to your Sporcle Settings to finish the process.